000 00821cam a22002531i 4500
001 31057
003 BD-RjUL
005 20211209051644.0
008 140413s1958 cauaf 001 0 eng d
035 _a(BD-RjUL)31144
035 _a(OCoLC)2958624
040 _aDLC
_cMiBsA
_dOCoLC
_dFO
_dOCoLC
_dDLC
_dBD-RjUL
_beng
041 _aeng
082 0 0 _a234
_bWHL 1958
100 1 _aWhite, Ellen Gould Harmon,
_d1827-1915.
_994421
245 1 0 _aLove unlimited :
_bcombining Steps to Christ and Thoughts from the mount of blessing /
_cby Ellen G. White.
260 _aMountain View, Calif. :
_bPacific Press,
_cc1958.
300 _a313 p., 8 leaves of plates :
_bill. (some col.) ;
_c18 cm.
504 _aIncludes index.
650 0 _aSalvation.
_961702
942 _2ddc
_cBK
999 _c31057
_d31057